| 000 | 00398 a2200145 4500 | ||
|---|---|---|---|
| 245 |
_aIvory madness _hprint |
||
| 020 | _a0869254111 (pbk.) | ||
| 700 | _aLemon, David M. H. | ||
| 650 | _aAfrican History | ||
| 005 | 20191017172946.0 | ||
| 260 |
_arh _bCollege Press _c1983 |
||
| 084 | _aPR9390.9.L4 I9 1983 | ||
| 300 |
_a146 p. _b 21 cm. _c146 p. ; 21 cm. |
||
| 500 | _aDavid M.H. Lemon. | ||
| 490 | _aModern writers of Zimbabwe | ||
| 999 |
_c9607 _d9607 |
||